书目信息 |
| 题名: |
知觉即行动
|
|
| 作者: | 薛少华 著 | |
| 分册: | ||
| 出版信息: | 北京 中国科学技术出版社 2020.4 |
|
| 页数: | 253页 | |
| 开本: | 24cm | |
| 丛书名: | 心灵与认知 | |
| 单 册: | ||
| 中图分类: | B842.2 | |
| 科图分类: | ||
| 主题词: | 知觉心理学--通俗读物 | |
| 电子资源: | ||
| ISBN: | 978-7-5046-8322-9 | |
| 000 | 01727nam 2200361 45 | |
| 001 | 012001000142 | |
| 005 | 20140817144803.0 | |
| 010 | @a978-7-5046-8322-9@dCNY58.00 | |
| 099 | @aCAL 012020235515 | |
| 100 | @a20200707d2020 em y0chiy0110 ea | |
| 101 | 0 | @achi |
| 102 | @aCN@b110000 | |
| 105 | @aa a 000yy | |
| 106 | @ar | |
| 200 | 1 | @a知觉即行动@Azhi jue ji xing dong@e从哲学概念到机器实现@f薛少华著 |
| 210 | @a北京@c中国科学技术出版社@d2020.4 | |
| 215 | @a253页@c图@d24cm | |
| 225 | 2 | @a心灵与认知@Axin ling yu ren zhi |
| 300 | @a并列题名:Perception is action from philosophical concept from philosophical concept to machine simulation | |
| 300 | @a其他题名:从哲学概念到机器实现 | |
| 312 | @a英文题名取自封面 | |
| 314 | @a薛少华, 哲学博士, 硕士生导师, 现执教于北京理工大学人文与社会科学学院科学技术与社会研究所。 | |
| 320 | @a有书目 (第247-253页) | |
| 330 | @a本书首先介绍吉布森的生态心理学的重要理论, 以及他所提出的Affordance概念, 并在此基础上, 扩展Affordance概念的语义, 尝试建立一种新的概率知觉理论, 以此来说明“动物如何凭借知觉, 获取当下所处环境中的目标对象的意义, 采取合适的行动”这一主题。另外, 该书也以这个理论为基础, 来对时下热门的话题如可穿戴设备与知觉的影响、人机交互、动物大脑的空间导航、角色扮演类电子游戏如何对阿兹海默病人进行认知训练和记忆恢复等有趣同时也不乏理论深度的问题进行细致的探讨。 | |
| 410 | 0 | @12001 @a心灵与认知 |
| 461 | 0 | @12001 @a心灵与认知 |
| 510 | 1 | @aPerception is action from philosophical concept from philosophical concept to machine simulation@zeng |
| 517 | 1 | @a从哲学概念到机器实现 |
| 606 | 0 | @a知觉心理学@j通俗读物 |
| 690 | @aB842.2@v5 | |
| 701 | 0 | @a薛少华@Axue shao hua@4著 |
| 801 | @aCN@bAHXH@c20210922 | |
| 905 | @b1357096-100@dB842.2@e4030@f5 | |
| 知觉即行动:从哲学概念到机器实现/薛少华著.-北京:中国科学技术出版社,2020.4 |
| 253页:图;24cm.-(心灵与认知) |
| 并列题名:Perception is action from philosophical concept from philosophical concept to machine simulation.-其他题名:从哲学概念到机器实现 |
| ISBN 978-7-5046-8322-9:CNY58.00 |
| 本书首先介绍吉布森的生态心理学的重要理论, 以及他所提出的Affordance概念, 并在此基础上, 扩展Affordance概念的语义, 尝试建立一种新的概率知觉理论, 以此来说明“动物如何凭借知觉, 获取当下所处环境中的目标对象的意义, 采取合适的行动”这一主题。另外, 该书也以这个理论为基础, 来对时下热门的话题如可穿戴设备与知觉的影响、人机交互、动物大脑的空间导航、角色扮演类电子游戏如何对阿兹海默病人进行认知训练和记忆恢复等有趣同时也不乏理论深度的问题进行细致的探讨。 |
| ● |
| 相关链接 |
|
|
|
|
正题名:知觉即行动
索取号:B842.2/4030
 
预约/预借
| 序号 | 登录号 | 条形码 | 馆藏地/架位号 | 状态 | 备注 |
| 1 | 1357096 | 213570964 | 第一样本阅览室/ [索取号:B842.2/4030] | 在馆 | |
| 2 | 1357097 | 213570973 | 教育系资料室/ [索取号:B842.2/4030] | 在馆 | |
| 3 | 1357098 | 213570982 | 教育系资料室/ [索取号:B842.2/4030] | 在馆 | |
| 4 | 1357099 | 213570991 | 第一借阅区/ [索取号:B842.2/4030] | 在馆 | |
| 5 | 1357100 | 213571008 | 第一借阅区/ [索取号:B842.2/4030] | 在馆 |